00498nam a2200169Ia 450000500170000000800410001702000150005808200130007310000150008624500320010126000370013330000120017050000300018294200060021295200950021899900150031320250624034100.0240331s9999 xx 000 0 und d a9559513622 bDECa340 aDe Costa,J 0aSri Lankawe vishesha neethi aColombobK.D. Premathilakac1992 a50 p ., aSpecial Laws of Sri Lanka cL 001040708LaWERCLbWERCLcSSCd2024-03-31l0o 340 DECp3772r2024-03-31w2024-03-31yL c5107d5107